A Book of Victorian narrative verse /

Saved in:
Bibliographic Details
Other Authors: Williams, Charles, 1886-1945
Format: Book
Language:English
Published: Oxford : Clarendon Press, 1927.
Subjects:
LEADER 00954nam a2200253 a 4500
001 c000371711
003 CARM
005 00000000000000.0
008 851211s1927 enk b 00000 eng d
019 1 |a 4185594  |5 LACONCORD2021 
035 |a (OCoLC)4306363  |5 LACONCORD2021 
040 |d WOT 
245 0 2 |a A Book of Victorian narrative verse /  |c chosen by Charles Williams. 
260 |a Oxford :  |b Clarendon Press,  |c 1927. 
300 |a x, 325 p. ;  |c 19 cm. 
500 |a "Victorian narrative verse"--Cover title. 
504 |a Includes bibliographical references. 
650 0 |a English poetry  |y 19th century. 
700 1 |a Williams, Charles,  |d 1886-1945. 
740 0 |a Victorian narrative verse. 
852 8 |b CARM  |h A1:AM32B0  |i A05113  |p 0439350  |f BK 
082 0 4 |a 808.813  |2 20 
999 f f |i cedb5be6-36df-530d-b7b3-2db0b7d1bfe2  |s 6cf758b2-9000-5cbc-802a-7cfee8c59168 
952 f f |p Can circulate  |a CAVAL  |b CAVAL  |c CAVAL  |d CARM 1 Store  |e A05113  |f A1:AM32B0  |h Other scheme  |i book  |m 0439350